[Event "Cappelle-la-Grande"]
[Site "Cappelle-la-Grande (FRA)"]
[Date "2013.02.25"]
[Round "4.65"]
[White "Pedersen, Nicolai Vesterbaek"]
[Black "Feryn, Benjamin"]
[Result "1/2-1/2"]
[WhiteElo "2443"]
[BlackElo "2110"]
[PlyCount "180"]
[EventDate "2013.??.??"]

1. d4 Nf6 2. c4 g6 3. Nc3 Bg7 4. e4 d6 5. Be2 O-O 6. Bg5 Nbd7 7. Nf3 e5 8. d5
a5 9. Nd2 Nc5 10. O-O h6 11. Bh4 Qd7 12. b3 g5 13. Bg3 Nh7 14. f3 f5 15. exf5
Qxf5 16. Nde4 Nxe4 17. fxe4 Qg6 18. Rxf8+ Bxf8 19. Bh5 Qg7 20. Bg4 Nf6 21. Bf5
Bxf5 22. exf5 Qf7 23. Bf2 Qh7 24. Qf3 Re8 25. Ne4 Nxe4 26. Qxe4 b6 27. Be3 Be7
28. Rf1 Rf8 29. Rf3 Qg7 30. Rh3 Kf7 31. Rg3 Qf6 32. h4 Rg8 33. hxg5 hxg5 34.
Rh3 Ke8 35. Rh7 Rf8 36. g4 Rf7 37. Qh1 Rxh7 38. Qxh7 Qf7 39. Qh1 Qf6 40. Qe4
Qh6 41. Kg2 Qh4 42. Bf2 Qh8 43. Be1 Kf7 44. Bc3 Bf6 45. Bd2 Qa8 46. a4 Kg7 47.
Be3 Qe8 48. Bf2 Qa8 49. Bg3 Qh8 50. Qe1 Qe8 51. Kf3 Qh8 52. Qf1 Qe8 53. Qe2 Qh8
54. Qg2 Qe8 55. Ke3 Qh8 56. Ke4 Qe8 57. Kd3 Qh8 58. Be1 Qe8 59. Qh1 Bd8 60. Bd2
Bf6 61. Qg2 Kf7 62. Qh1 Kg7 63. Qg2 Kf7 64. Be3 Qh8 65. Ke4 Qe8 66. Qd2 Qh8 67.
Qg2 Qh4 68. Bf2 Qh8 69. Be1 Qe8 70. Kd3 Kg7 71. Bd2 Kf7 72. Qh1 Kg7 73. Ke3 Be7
74. Qh3 Bf6 75. Bc3 Bd8 76. Qh2 Bf6 77. Bb2 Bd8 78. Kf2 Bf6 79. Bc3 Bd8 80. c5
Bf6 81. cxb6 cxb6 82. Ke3 b5 83. axb5 Qxb5 84. Qh5 Qc5+ 85. Ke2 Kf8 86. Qh6+
Bg7 87. Qe6 Qxc3 88. Qxd6+ Kg8 89. Qe6+ Kf8 90. Qd6+ Kg8 1/2-1/2

[Event "Cappelle-la-Grande"]
[Site "Cappelle-la-Grande (FRA)"]
[Date "2013.02.25"]
[Round "4.66"]
[White "Bruno, Fabio"]
[Black "Veys, Vincent"]
[Result "1-0"]
[WhiteElo "2440"]
[BlackElo "2109"]
[PlyCount "85"]
[EventDate "2013.??.??"]

1. d4 d5 2. Nf3 Nf6 3. Bf4 c6 4. e3 Bg4 5. c4 e6 6. Qb3 Bxf3 7. gxf3 b6 8. cxd5
Qxd5 9. Nd2 Qxb3 10. Nxb3 Nbd7 11. Ba6 Nd5 12. Bb7 Rd8 13. Bg3 Nb4 14. Ke2 Nb8
15. a3 N4a6 16. Rac1 Kd7 17. Rc4 Bd6 18. Ra4 b5 19. Rxa6 Nxa6 20. Bxa6 Bxg3 21.
hxg3 Kc7 22. a4 Kb6 23. axb5 cxb5 24. Nc5 e5 25. Kd3 exd4 26. exd4 Rd6 27. Kc3
Rhd8 28. Rd1 Rc6 29. Bb7 Rc7 30. Be4 h6 31. b4 Re7 32. Ra1 Rde8 33. Ra6+ Kc7
34. Rxa7+ Kb6 35. Ra6+ Kc7 36. Rc6+ Kd8 37. Rb6 Rc7 38. Rxb5 Ke7 39. Rb7 Rxb7
40. Nxb7 g6 41. Bc6 Rc8 42. d5 h5 43. b5 1-0

[Event "Cappelle-la-Grande"]
[Site "Cappelle-la-Grande (FRA)"]
[Date "2013.02.25"]
[Round "4.67"]
[White "Eriksson, Christian"]
[Black "Mateo, Ramon"]
[Result "0-1"]
[WhiteElo "2141"]
[BlackElo "2427"]
[PlyCount "136"]
[EventDate "2013.??.??"]

1. e4 c5 2. c3 d5 3. exd5 Qxd5 4. d4 Nc6 5. Nf3 Bg4 6. Be2 cxd4 7. cxd4 e6 8.
O-O Nf6 9. Nc3 Qd6 10. Be3 Be7 11. h3 Bh5 12. a3 O-O 13. Qb3 Rfd8 14. Rad1 Rac8
15. Rfe1 b6 16. Qb5 h6 17. g4 Bg6 18. Ne5 Bc2 19. Rd2 Bh7 20. Nxc6 Rxc6 21. Bf3
Rcc8 22. Qa6 Qb8 23. Red1 Nd5 24. Nxd5 exd5 25. Re1 Bf6 26. Rde2 Bg6 27. Qb5
Qd6 28. Qa6 Rc7 29. Rd2 Qd7 30. Qf1 Rdc8 31. Qg2 Rc2 32. Rxc2 Rxc2 33. Bxd5
Rxb2 34. Bc1 Rb1 35. Be4 Qe7 36. f3 Bxd4+ 37. Kh1 Bxe4 38. fxe4 Bb2 39. Qc2
Rxc1 40. Rxc1 Bxc1 41. Qxc1 Qxe4+ 42. Kg1 Qd4+ 43. Kg2 Qd5+ 44. Kg3 Qc5 45. Qb2
Qg1+ 46. Kf3 Qf1+ 47. Kg3 Qd3+ 48. Kg2 Qd5+ 49. Kg1 Qf3 50. Kh2 Qc6 51. Qb3 b5
52. Qd3 Qc7+ 53. Kg2 Qb8 54. Qc3 Qa8+ 55. Kg1 a5 56. Kf2 Qa7+ 57. Kf1 Qa6 58.
Kg1 Qb6+ 59. Kh2 Qb8+ 60. Kg2 b4 61. axb4 axb4 62. Qb3 Qb7+ 63. Kg1 Qe4 64. Kh2
Qf4+ 65. Kg1 Kh7 66. Qd3+ g6 67. Qb3 Qd4+ 68. Kg2 Kg7 0-1

[Event "Cappelle-la-Grande"]
[Site "Cappelle-la-Grande (FRA)"]
[Date "2013.02.25"]
[Round "4.68"]
[White "Pedersen, Henrik Bolding"]
[Black "Solomon, Kenny"]
[Result "0-1"]
[WhiteElo "2136"]
[BlackElo "2423"]
[PlyCount "198"]
[EventDate "2013.??.??"]

1. d4 Nf6 2. Bf4 b6 3. e3 Bb7 4. Nd2 d6 5. Ngf3 g6 6. h3 Bg7 7. Be2 O-O 8. O-O
Nbd7 9. c3 Qe8 10. a4 e5 11. Bh2 e4 12. Ne1 a5 13. b4 Nd5 14. Qb3 axb4 15. cxb4
N7f6 16. Nc2 h5 17. a5 b5 18. Na3 Bc6 19. Rfc1 Bd7 20. Rc2 Bh6 21. Rac1 Ra7 22.
Nf1 Kh8 23. Nb1 Qe6 24. Qb2 Kh7 25. Na3 Rb8 26. Nb1 Rbb7 27. Na3 Ra8 28. Kh1
Raa7 29. Kg1 Ne7 30. a6 Rxa6 31. Rxc7 Rbb6 32. Nd2 Ned5 33. R7c2 Ra4 34. Nab1
Rba6 35. Rd1 Rxb4 36. Qc1 Rba4 37. Nc3 Nxc3 38. Rxc3 Ra2 39. Bf1 Ra7 40. Bg3
Nd5 41. Rb3 R2a5 42. Qc2 f5 43. Rdb1 Ra2 44. R1b2 Ra1 45. Rb1 R7a2 46. R1b2 Ra7
47. Rb1 Rxb1 48. Qxb1 Ra5 49. Qb2 Nc7 50. Ra3 Rxa3 51. Qxa3 Nd5 52. Qa7 Bg7 53.
Qb7 g5 54. Bxb5 Bxb5 55. Qxb5 f4 56. exf4 gxf4 57. Qe2 fxg3 58. Qxe4+ Qxe4 59.
Nxe4 gxf2+ 60. Kxf2 Bxd4+ 61. Kf3 Be5 62. g4 h4 63. g5 Ne7 64. Kg4 d5 65. Nc5
Bg3 66. Ne6 Kg6 67. Nf8+ Kf7 68. Nd7 Ng6 69. Nc5 Bd6 70. Nb3 Be5 71. Nc5 Bg3
72. Kf5 Ne7+ 73. Kg4 Kg6 74. Ne6 Nc6 75. Nf8+ Kf7 76. Nh7 Kg7 77. Nf6 Kg6 78.
Kf3 Ne5+ 79. Ke3 d4+ 80. Kxd4 Kxg5 81. Nd5 Nf3+ 82. Ke4 Ng1 83. Nc3 Nxh3 84.
Kf3 Kf5 85. Ne2 Ng5+ 86. Kg2 Be5 87. Ng1 Kg4 88. Ne2 Bb2 89. Ng1 Bd4 90. Ne2
Be3 91. Nc3 h3+ 92. Kh1 Bd2 93. Nd5 Ne4 94. Kh2 Kh4 95. Ne7 Bf4+ 96. Kg1 h2+
97. Kg2 Nf2 98. Nf5+ Kg5 99. Ng3 Bxg3 0-1

[Event "Cappelle-la-Grande"]
[Site "Cappelle-la-Grande (FRA)"]
[Date "2013.02.25"]
[Round "4.69"]
[White "Carlier, Guillaume"]
[Black "Mladenov, Plamen"]
[Result "0-1"]
[WhiteElo "2117"]
[BlackElo "2421"]
[PlyCount "42"]
[EventDate "2013.??.??"]

1. e4 e5 2. d4 exd4 3. Qxd4 Nc6 4. Qe3 Bb4+ 5. Nc3 Nf6 6. Bd2 O-O 7. O-O-O Re8
8. Bc4 Na5 9. Be2 d5 10. Qf4 Nxe4 11. Nxe4 Rxe4 12. Qxe4 dxe4 13. Bxb4 Qg5+ 14.
Bd2 Qxg2 15. Bxa5 Be6 16. Nh3 Bxh3 17. Bxc7 Qxf2 18. Rhe1 h6 19. Bg3 Qc5 20. c3
Rc8 21. Kb1 Be6 0-1

[Event "Cappelle-la-Grande"]
[Site "Cappelle-la-Grande (FRA)"]
[Date "2013.02.25"]
[Round "4.95"]
[White "Guilbert, Jean-Louis"]
[Black "Haast, Anne"]
[Result "1/2-1/2"]
[WhiteElo "2023"]
[BlackElo "2268"]
[PlyCount "85"]
[EventDate "2013.??.??"]

1. d4 Nf6 2. c4 c5 3. d5 b5 4. cxb5 a6 5. bxa6 g6 6. Nc3 Bxa6 7. f4 Bg7 8. Nf3
d6 9. e4 Bxf1 10. Rxf1 Nfd7 11. Kf2 O-O 12. Kg1 Nb6 13. e5 Na6 14. e6 fxe6 15.
Ng5 Nc7 16. Nxe6 Nxe6 17. dxe6 Qc8 18. Re1 Qc6 19. Ne4 Rab8 20. Rb1 Qa8 21. a3
Nd5 22. Qg4 Nc3 23. Nxc3 Bxc3 24. Re2 Bd4+ 25. Kh1 Qa4 26. Qg3 Be5 27. h3 Rb3
28. Qe1 Bxf4 29. Bxf4 Qxf4 30. Rd1 Rfb8 31. Rdd2 Qf6 32. Rf2 Qg5 33. Qe2 Re3
34. Qf1 Qe5 35. Rde2 Qxe6 36. Rxe3 Qxe3 37. Qc4+ Kh8 38. Re2 Qg5 39. Qe6 Rxb2
40. Rxb2 Qc1+ 41. Kh2 Qxb2 42. Qxe7 Qb8 43. Qf6+ 1/2-1/2

[Event "Cappelle-la-Grande"]
[Site "Cappelle-la-Grande (FRA)"]
[Date "2013.02.25"]
[Round "4.103"]
[White "Donovan, Linton"]
[Black "Depret, Francois"]
[Result "1-0"]
[WhiteElo "2246"]
[BlackElo "1808"]
[PlyCount "55"]
[EventDate "2013.??.??"]

1. e4 e6 2. d4 d5 3. Nc3 Nf6 4. Bg5 Be7 5. e5 Nfd7 6. Bxe7 Qxe7 7. f4 a6 8. Nf3
c5 9. dxc5 Nxc5 10. Bd3 Nc6 11. Qd2 Bd7 12. O-O-O b5 13. Kb1 b4 14. Ne2 Na4 15.
Ned4 Nxd4 16. Nxd4 Rb8 17. Ka1 a5 18. f5 Qc5 19. Qf4 Nxb2 20. Kxb2 Qc3+ 21. Kb1
a4 22. fxe6 O-O 23. exd7 b3 24. cxb3 axb3 25. a3 Qa5 26. Bxh7+ Kxh7 27. Qh4+
Kg8 28. Nc6 1-0

[Event "Cappelle-la-Grande"]
[Site "Cappelle-la-Grande (FRA)"]
[Date "2013.02.25"]
[Round "4.106"]
[White "Kramo, Sosthene"]
[Black "Ionica, Iulia-Ionela"]
[Result "1/2-1/2"]
[WhiteElo "1969"]
[BlackElo "2214"]
[PlyCount "65"]
[EventDate "2013.??.??"]

1. e4 c5 2. Nf3 e6 3. d4 cxd4 4. Nxd4 Nf6 5. Nc3 d6 6. Bc4 Be7 7. Bb3 Nc6 8. f4
Na5 9. Qf3 O-O 10. g4 Nxb3 11. axb3 d5 12. e5 Nd7 13. Be3 Bb4 14. g5 Nc5 15.
Nde2 a5 16. Rg1 Ne4 17. Bd4 Re8 18. Ng3 b5 19. Nh5 Bb7 20. O-O-O a4 21. Nxe4
dxe4 22. Qh3 axb3 23. cxb3 Ra1+ 24. Kc2 Qc7+ 25. Bc3 Bxc3 26. Qxc3 Qxc3+ 27.
Kxc3 Rc8+ 28. Kb4 Rxd1 29. Rxd1 Bd5 30. Rd2 Rc1 31. Re2 Rf1 32. Rc2 h6 33. gxh6
1/2-1/2

[Event "Cappelle-la-Grande"]
[Site "Cappelle-la-Grande (FRA)"]
[Date "2013.02.25"]
[Round "4.110"]
[White "Duverne, Jean-Marie"]
[Black "Vedmediuc, Serghei"]
[Result "1-0"]
[WhiteElo "2130"]
[BlackElo "2472"]
[PlyCount "53"]
[EventDate "2013.??.??"]

1. e4 g6 2. d4 Bg7 3. Nf3 d6 4. Nc3 c6 5. h3 Nd7 6. a4 e5 7. dxe5 dxe5 8. Bc4
Ngf6 9. O-O Qc7 10. Be3 O-O 11. Qe2 b6 12. Rad1 a6 13. b4 b5 14. Bb3 Bb7 15.
axb5 cxb5 16. Nd5 Nxd5 17. exd5 Qd6 18. Ng5 Qxb4 19. Ne6 Rfc8 20. Nxg7 Kxg7 21.
f4 f6 22. fxe5 fxe5 23. Bg5 Qd6 24. Qe3 Kg8 25. Be7 Qb8 26. d6+ Kh8 27. Bf6+
1-0

[Event "Cappelle-la-Grande"]
[Site "Cappelle-la-Grande (FRA)"]
[Date "2013.02.25"]
[Round "4.116"]
[White "Giffard, Nicolas"]
[Black "Chardin, Thierry"]
[Result "1-0"]
[WhiteElo "2359"]
[BlackElo "2101"]
[PlyCount "53"]
[EventDate "2013.??.??"]

1. d4 d5 2. c4 c6 3. Nf3 Nf6 4. e3 e6 5. b3 Bd6 6. Bd3 O-O 7. O-O Nbd7 8. Bb2
Ne4 9. Qc2 f5 10. Nc3 Qf6 11. Ne2 g5 12. g3 Qh6 13. Ne5 Qh3 14. f3 Ndf6 15. Nc1
Nh5 16. fxe4 dxe4 17. Be2 Nxg3 18. Rf2 Nxe2+ 19. Qxe2 Rd8 20. Rg2 h6 21. Rg3
Qh4 22. Ng6 Bxg3 23. Nxh4 Bxh4 24. Qh5 Rd7 25. d5 cxd5 26. Qg6+ Kf8 27. Ba3+
1-0

[Event "Cappelle-la-Grande"]
[Site "Cappelle-la-Grande (FRA)"]
[Date "2013.02.25"]
[Round "4.122"]
[White "Neuhauser, Salome"]
[Black "Hoolt, Sarah"]
[Result "0-1"]
[WhiteElo "2051"]
[BlackElo "2308"]
[PlyCount "56"]
[EventDate "2013.??.??"]

1. e4 c5 2. Nf3 e6 3. g3 Nc6 4. Bg2 Nf6 5. d3 Be7 6. O-O d6 7. Re1 Qc7 8. c3
O-O 9. Nbd2 Rb8 10. a3 b5 11. d4 cxd4 12. cxd4 Bb7 13. b4 a5 14. bxa5 Nxa5 15.
e5 dxe5 16. dxe5 Nd5 17. Bb2 Nc4 18. Qb3 Rfc8 19. Rac1 Ba6 20. a4 Qa7 21. Ba1
Na5 22. Rxc8+ Rxc8 23. Qd1 b4 24. Ne4 Qb8 25. Nfg5 h6 26. Nh3 b3 27. Bd4 b2 28.
Qb1 Ba3 0-1

[Event "Cappelle-la-Grande"]
[Site "Cappelle-la-Grande (FRA)"]
[Date "2013.02.25"]
[Round "4.124"]
[White "Strugnell, Carl"]
[Black "Couche, Didier"]
[Result "1-0"]
[WhiteElo "2305"]
[BlackElo "2091"]
[PlyCount "47"]
[EventDate "2013.??.??"]

1. e4 e6 2. d4 d5 3. Nc3 Bb4 4. a3 Bxc3+ 5. bxc3 dxe4 6. Qg4 Nf6 7. Qxg7 Rg8 8.
Qh6 Nbd7 9. a4 b6 10. a5 Bb7 11. Ne2 c5 12. Ng3 Qe7 13. axb6 axb6 14. Rxa8+
Bxa8 15. Ba3 Rg6 16. Qh4 Ng4 17. Qxe7+ Kxe7 18. Bb5 Ngf6 19. Ke2 Rg8 20. c4 Bb7
21. Bb2 cxd4 22. Bxd4 Nc5 23. Rd1 Rd8 24. Bxf6+ 1-0

[Event "Cappelle-la-Grande"]
[Site "Cappelle-la-Grande (FRA)"]
[Date "2013.02.25"]
[Round "4.126"]
[White "Verhaeghe, Philip"]
[Black "Wacker, Peter"]
[Result "0-1"]
[WhiteElo "1934"]
[BlackElo "2300"]
[PlyCount "96"]
[EventDate "2013.??.??"]

1. Nf3 f5 2. g3 Nf6 3. Bg2 g6 4. d3 d6 5. O-O Bg7 6. Re1 O-O 7. e4 e5 8. c3 Kh8
9. Nbd2 Nc6 10. Nf1 Ne7 11. Nh4 c6 12. exf5 gxf5 13. Bg5 h6 14. Bd2 Kh7 15. Qc2
Qb6 16. h3 Be6 17. Be3 Qc7 18. f4 Kg8 19. Qf2 Nfd5 20. Bd2 Nf6 21. Kh2 Kh7 22.
Re2 Nd7 23. Be3 c5 24. a3 Rac8 25. Rc1 b6 26. b4 Bf6 27. Nf3 Ng6 28. N3d2 Rg8
29. Kh1 Rg7 30. Qf3 exf4 31. Bxf4 Bf7 32. Ne3 Nxf4 33. gxf4 cxb4 34. axb4 Bg6
35. Nd5 Qd8 36. Nxf6+ Nxf6 37. Qe3 Rcc7 38. Qd4 Nh5 39. Re6 Qh4 40. Nf3 Qg3 41.
Qxd6 Nxf4 42. Ne1 Qg5 43. Re3 Rcd7 44. Qc6 Nxg2 45. Nxg2 f4 46. Rf3 Qxg2+ 47.
Kxg2 Be4+ 48. Kh2 Bxc6 0-1

[Event "Cappelle-la-Grande"]
[Site "Cappelle-la-Grande (FRA)"]
[Date "2013.02.25"]
[Round "4.128"]
[White "Draskovic, Luka"]
[Black "Bray, Daniel Jose Freire"]
[Result "0-1"]
[WhiteElo "2293"]
[BlackElo "2078"]
[PlyCount "72"]
[EventDate "2013.??.??"]

1. e4 c5 2. Nf3 d6 3. c3 Nf6 4. h3 a6 5. Bd3 b5 6. O-O Bb7 7. Re1 g6 8. Bc2 Bg7
9. d4 cxd4 10. cxd4 O-O 11. a3 Nbd7 12. Nc3 Rc8 13. Bg5 h6 14. Bf4 Nb6 15. Qe2
Nc4 16. Bd3 Qa5 17. Nb1 e5 18. dxe5 dxe5 19. Bc1 Nh5 20. g3 f5 21. Nc3 fxe4 22.
Bxe4 Bxe4 23. Qxe4 Qb6 24. Nd5 Qe6 25. Nh4 Rf7 26. Qg4 Rc6 27. Qxe6 Rxe6 28. b3
Na5 29. Rb1 Nf6 30. Nb4 Nd7 31. Be3 Bf8 32. Rec1 Bxb4 33. axb4 Nc6 34. Bxh6
Nxb4 35. Rc7 Nf6 36. Rd1 Rxc7 0-1

[Event "Cappelle-la-Grande"]
[Site "Cappelle-la-Grande (FRA)"]
[Date "2013.02.25"]
[Round "4.130"]
[White "Leharanger, Guillaume"]
[Black "Collas, Silvia"]
[Result "1-0"]
[WhiteElo "1911"]
[BlackElo "2286"]
[PlyCount "65"]
[EventDate "2013.??.??"]

1. e4 c5 2. Nf3 Nc6 3. d4 cxd4 4. Nxd4 g6 5. Nc3 Bg7 6. Be3 Nf6 7. f3 d5 8.
exd5 Nxd5 9. Nxc6 bxc6 10. Nxd5 cxd5 11. c3 O-O 12. Qd2 e5 13. Rd1 Bb7 14. Be2
f5 15. O-O f4 16. Bc5 Rf5 17. Bc4 e4 18. fxe4 Qc7 19. Bd4 Rh5 20. Bb3 Bh6 21.
Rf3 Re8 22. Re1 Qe7 23. Bxa7 Re5 24. Bf2 g5 25. Rd3 g4 26. Qd1 Kf8 27. Bxd5
Bxd5 28. Rxd5 Rxe4 29. Rf5+ Kg8 30. Qd5+ Kh8 31. Rxe4 Qxe4 32. Bd4+ Bg7 33.
Rf8+ 1-0

[Event "Cappelle-la-Grande"]
[Site "Cappelle-la-Grande (FRA)"]
[Date "2013.02.25"]
[Round "4.131"]
[White "Dinev, Dimiter"]
[Black "Lefebvre, Herve"]
[Result "0-1"]
[WhiteElo "1899"]
[BlackElo "2286"]
[PlyCount "46"]
[EventDate "2013.??.??"]

1. Nf3 Nf6 2. b3 g6 3. Bb2 Bg7 4. c4 O-O 5. d4 c5 6. e3 cxd4 7. exd4 d5 8. c5
Nc6 9. Be2 Ne4 10. O-O Nxc5 11. Nbd2 Ne6 12. Nb1 Nf4 13. Re1 Nxe2+ 14. Rxe2 Bg4
15. h3 Bxf3 16. gxf3 e6 17. Na3 Qh4 18. Nc2 Qxh3 19. Re3 Bh6 20. f4 Qh4 21. Qd3
Qxf4 22. Bc1 Bg7 23. Ba3 Nxd4 0-1

[Event "Cappelle-la-Grande"]
[Site "Cappelle-la-Grande (FRA)"]
[Date "2013.02.25"]
[Round "4.134"]
[White "Charlier, Laurent"]
[Black "Kalinina, Olga"]
[Result "0-1"]
[WhiteElo "1879"]
[BlackElo "2279"]
[PlyCount "48"]
[EventDate "2013.??.??"]

1. e4 c5 2. Nf3 e6 3. b3 d5 4. exd5 exd5 5. Bb5+ Nc6 6. Ne5 Qe7 7. O-O Qc7 8.
Re1 Be6 9. Bb2 Nf6 10. f4 Be7 11. d3 O-O 12. Bxc6 bxc6 13. g4 d4 14. f5 Bd6 15.
fxe6 Bxe5 16. g5 Bxh2+ 17. Kh1 Nd5 18. Qh5 Bg3 19. Rg1 fxe6 20. Qg4 Bf2 21.
Qxe6+ Kh8 22. Rf1 Qg3 23. Nd2 Qh4+ 24. Kg2 Nf4+ 0-1

[Event "Cappelle-la-Grande"]
[Site "Cappelle-la-Grande (FRA)"]
[Date "2013.02.25"]
[Round "4.139"]
[White "Delaruelle, Christian"]
[Black "Whiteley, Andrew J"]
[Result "0-1"]
[WhiteElo "1864"]
[BlackElo "2251"]
[PlyCount "40"]
[EventDate "2013.??.??"]

1. e4 c5 2. Nf3 d6 3. d4 cxd4 4. Qxd4 Nc6 5. Bb5 Bd7 6. Bxc6 Bxc6 7. Nc3 Nf6 8.
Bg5 e6 9. O-O-O Be7 10. Kb1 O-O 11. Qd3 Qc7 12. Nd4 Nxe4 13. Nxe4 Bxe4 14. Qxe4
Bxg5 15. Nb5 Qb6 16. Nxd6 Rad8 17. Nc4 Qxf2 18. Rxd8 Rxd8 19. Qxb7 Qd4 20. b3
Bf6 0-1

[Event "Cappelle-la-Grande"]
[Site "Cappelle-la-Grande (FRA)"]
[Date "2013.02.25"]
[Round "4.141"]
[White "Cappon, John"]
[Black "Ramez, Jean-Simon"]
[Result "1/2-1/2"]
[WhiteElo "2239"]
[BlackElo "1920"]
[PlyCount "67"]
[EventDate "2013.??.??"]

1. e4 e5 2. Nf3 Nc6 3. d4 exd4 4. Bc4 Nf6 5. e5 d5 6. Bb5 Ne4 7. Nxd4 Bd7 8.
Nxc6 bxc6 9. Bd3 Nc5 10. Be2 Be7 11. O-O O-O 12. c4 Bf5 13. Be3 Ne6 14. Bg4
Bxg4 15. Qxg4 d4 16. Bd2 c5 17. f4 f5 18. Qf3 Qe8 19. Na3 Qg6 20. Nc2 Rfd8 21.
Qd3 Qg4 22. Rf3 Bh4 23. Raf1 a5 24. Be1 Bxe1 25. Nxe1 Rdb8 26. Qd2 Rb4 27. Nd3
Rxc4 28. Rc1 Rxc1+ 29. Qxc1 Qh4 30. Qc4 Re8 31. Rf1 Kh8 32. g3 Qe7 33. Rc1 Rd8
34. b3 1/2-1/2

[Event "Cappelle-la-Grande"]
[Site "Cappelle-la-Grande (FRA)"]
[Date "2013.02.25"]
[Round "4.143"]
[White "Fleurquin, Bryan"]
[Black "Soyez, Cyril"]
[Result "1/2-1/2"]
[WhiteElo "1834"]
[BlackElo "2219"]
[PlyCount "53"]
[EventDate "2013.??.??"]

1. e4 c5 2. Nf3 g6 3. c3 Bg7 4. d4 cxd4 5. cxd4 d5 6. exd5 Qxd5 7. Nc3 Qa5 8.
Be3 Nf6 9. Qa4+ Qxa4 10. Nxa4 O-O 11. Be2 Nc6 12. O-O Rd8 13. Nc3 Be6 14. Rfd1
Rd7 15. Ne5 Nxe5 16. dxe5 Ng4 17. Bxg4 Bxg4 18. Rxd7 Bxd7 19. f4 Bc6 20. Rd1 e6
21. Kf2 Bf8 22. a3 b5 23. Ne2 b4 24. axb4 Bxb4 25. Rc1 Bd5 26. Nc3 Bxc3 27.
Rxc3 1/2-1/2

[Event "Cappelle-la-Grande"]
[Site "Cappelle-la-Grande (FRA)"]
[Date "2013.02.25"]
[Round "4.150"]
[White "Kieffer, Christian"]
[Black "Nouze, Jeremy"]
[Result "1-0"]
[WhiteElo "2152"]
[BlackElo "1510"]
[PlyCount "45"]
[EventDate "2013.??.??"]

1. e4 e6 2. d4 d5 3. Nc3 c5 4. exd5 cxd4 5. Qxd4 Nf6 6. Bb5+ Nc6 7. dxc6 Qxd4
8. cxb7+ Kd8 9. bxa8=Q Bb4 10. Be3 Bxc3+ 11. Ke2 Qe5 12. Rd1+ Nd5 13. Nf3 Qe4
14. bxc3 Qxc2+ 15. Rd2 Qxc3 16. Rxd5+ exd5 17. Qxd5+ Ke7 18. Bc5+ Kf6 19. Qd6+
Be6 20. Qe7+ Kf5 21. Qg5+ Ke4 22. Bc6+ Bd5 23. Bxd5# 1-0

[Event "Cappelle-la-Grande"]
[Site "Cappelle-la-Grande (FRA)"]
[Date "2013.02.25"]
[Round "4.151"]
[White "Galoppa, Ludovic"]
[Black "Gasik, Anna"]
[Result "0-1"]
[WhiteElo "1744"]
[BlackElo "2232"]
[PlyCount "46"]
[EventDate "2013.??.??"]

1. c4 f5 2. Nc3 Nf6 3. g3 g6 4. Bg2 Bg7 5. d3 Nc6 6. e4 d6 7. Nge2 O-O 8. O-O
e5 9. f4 Be6 10. Rb1 Qd7 11. Nd5 Rae8 12. b4 fxe4 13. Nxf6+ Bxf6 14. Bxe4 Bg4
15. Bf3 Bxf3 16. Rxf3 exf4 17. Bxf4 g5 18. Bd2 Rxe2 19. Rxf6 Rfe8 20. Bc3 Qh3
21. Rf2 Rxf2 22. Kxf2 Qxh2+ 23. Kf1 Rf8+ 0-1

[Event "Cappelle-la-Grande"]
[Site "Cappelle-la-Grande (FRA)"]
[Date "2013.02.25"]
[Round "4.153"]
[White "Peric, Slavisa"]
[Black "Benali, Boubaker"]
[Result "1-0"]
[WhiteElo "2238"]
[BlackElo "1699"]
[PlyCount "35"]
[EventDate "2013.??.??"]

1. d4 d5 2. Bf4 e6 3. e3 Bd6 4. Bg3 Bxg3 5. hxg3 Nf6 6. Bd3 b6 7. Qe2 c5 8. c3
c4 9. Bc2 Bb7 10. Nd2 Qc7 11. g4 b5 12. g5 Ne4 13. Nxe4 dxe4 14. Qg4 Qc6 15.
Ne2 f5 16. gxf6 gxf6 17. Qg7 Rf8 18. Rxh7 1-0

[Event "Cappelle-la-Grande"]
[Site "Cappelle-la-Grande (FRA)"]
[Date "2013.02.25"]
[Round "4.159"]
[White "Lucifora, Nicolas"]
[Black "Naulin, Nicolas"]
[Result "1-0"]
[WhiteElo "1791"]
[BlackElo "1648"]
[PlyCount "41"]
[EventDate "2013.??.??"]

1. e4 e5 2. Nf3 Nc6 3. d4 exd4 4. Nxd4 d6 5. Nc3 g6 6. Be3 Bd7 7. Qd2 Bg7 8.
O-O-O Nge7 9. Be2 O-O 10. Nxc6 Bxc6 11. Bh6 Rb8 12. Bxg7 Kxg7 13. h4 h5 14. g4
hxg4 15. Bxg4 Rh8 16. h5 b5 17. Nd5 Nxd5 18. exd5 Bd7 19. Qd4+ Kg8 20. Bxd7
Qxd7 21. hxg6 1-0

[Event "Cappelle-la-Grande"]
[Site "Cappelle-la-Grande (FRA)"]
[Date "2013.02.25"]
[Round "4.189"]
[White "Chitrit, Norbert"]
[Black "Manet, Eric"]
[Result "1/2-1/2"]
[WhiteElo "1816"]
[BlackElo "1960"]
[PlyCount "71"]
[EventDate "2013.??.??"]

1. e4 c5 2. Nf3 d6 3. d4 cxd4 4. Nxd4 Nf6 5. Nc3 a6 6. f4 e5 7. Nf3 Nc6 8. fxe5
Nxe5 9. Nxe5 dxe5 10. Qxd8+ Kxd8 11. Bg5 Be7 12. O-O-O+ Ke8 13. Bxf6 Bxf6 14.
Nd5 Bd8 15. Be2 Be6 16. Rd3 Rc8 17. b3 Ba5 18. Kb2 b5 19. c3 f5 20. Bf3 Bxd5
21. exd5 e4 22. Re3 Bxc3+ 23. Rxc3 Rxc3 24. Kxc3 exf3 25. gxf3 Kd7 26. Re1 Rc8+
27. Kd3 Rc5 28. Re5 g6 29. f4 Rc1 30. Re6 Rd1+ 31. Ke2 Rxd5 32. Rxa6 Rc5 33.
Ra7+ Ke6 34. Kd3 h6 35. Ra6+ Kf7 36. Ra7+ 1/2-1/2

[Event "Cappelle-la-Grande"]
[Site "Cappelle-la-Grande (FRA)"]
[Date "2013.02.25"]
[Round "4.193"]
[White "Vekemans, Sylvain"]
[Black "Paris, Antony"]
[Result "0-1"]
[WhiteElo "1809"]
[BlackElo "1957"]
[PlyCount "38"]
[EventDate "2013.??.??"]

1. c4 e5 2. Nc3 Nf6 3. g3 Nc6 4. Bg2 Be7 5. Nf3 d5 6. cxd5 Nxd5 7. O-O Nb6 8.
d3 g5 9. a3 g4 10. Nd2 f5 11. b4 h5 12. Bb2 h4 13. Rc1 hxg3 14. fxg3 Bg5 15.
Nb5 Qe7 16. Rxc6 Be3+ 17. Kh1 Rxh2+ 18. Kxh2 Qh7+ 19. Bh3 Qxh3# 0-1

[Event "Cappelle-la-Grande"]
[Site "Cappelle-la-Grande (FRA)"]
[Date "2013.02.25"]
[Round "4.197"]
[White "Lambert, Vincent"]
[Black "Degremont, Patrick"]
[Result "0-1"]
[WhiteElo "1721"]
[BlackElo "1949"]
[PlyCount "34"]
[EventDate "2013.??.??"]

1. e4 e6 2. d4 d5 3. Nd2 c5 4. c3 Nc6 5. exd5 exd5 6. Ngf3 cxd4 7. cxd4 Nf6 8.
Be2 Bd6 9. O-O O-O 10. Re1 Bf5 11. Nf1 h6 12. a3 Rc8 13. Ne3 Be4 14. b4 Qb6 15.
b5 Ne7 16. a4 Nf5 17. a5 Qd8 0-1

[Event "Cappelle-la-Grande"]
[Site "Cappelle-la-Grande (FRA)"]
[Date "2013.02.26"]
[Round "5.13"]
[White "Svetushkin, Dmitry"]
[Black "Stella, Andrea"]
[Result "0-1"]
[WhiteElo "2612"]
[BlackElo "2477"]
[PlyCount "53"]
[EventDate "2013.??.??"]

1. d4 Nf6 2. c4 g6 3. f3 d5 4. cxd5 Nxd5 5. e4 Nb6 6. Nc3 Bg7 7. Be3 O-O 8. Qd2
Nc6 9. O-O-O f5 10. e5 Nb4 11. Nh3 Be6 12. Kb1 Qd7 13. Nf4 Rfd8 14. a3 N4d5 15.
Ncxd5 Bxd5 16. Nxd5 Qxd5 17. h4 c5 18. h5 cxd4 19. Bg5 Rd7 20. hxg6 hxg6 21. g4
d3 22. Bxd3 Rad8 23. Qc2 Qxe5 24. Bc1 Rc8 25. f4 Qd5 26. Qh2 Rxc1+ 27. Kxc1 0-1

[Event "Cappelle-la-Grande"]
[Site "Cappelle-la-Grande (FRA)"]
[Date "2013.02.26"]
[Round "5.14"]
[White "Danielian, Elina"]
[Black "Kravtsiv, Martyn"]
[Result "1/2-1/2"]
[WhiteElo "2466"]
[BlackElo "2597"]
[PlyCount "44"]
[EventDate "2013.??.??"]

1. d4 Nf6 2. Nf3 e6 3. e3 d5 4. c4 b6 5. Nc3 Bb7 6. Bd3 Bd6 7. O-O O-O 8. cxd5
exd5 9. Qc2 a6 10. e4 dxe4 11. Nxe4 Nxe4 12. Bxe4 Bxe4 13. Qxe4 Nd7 14. Bg5 Nf6
15. Qh4 Re8 16. Rfe1 Rxe1+ 17. Rxe1 c5 18. g3 h6 19. Bxf6 Qxf6 20. Qxf6 gxf6
21. Rd1 Kh7 22. dxc5 Bxc5 1/2-1/2

[Event "Cappelle-la-Grande"]
[Site "Cappelle-la-Grande (FRA)"]
[Date "2013.02.26"]
[Round "5.15"]
[White "Zhigalko, Andrey"]
[Black "Raznikov, Danny"]
[Result "1-0"]
[WhiteElo "2588"]
[BlackElo "2463"]
[PlyCount "59"]
[EventDate "2013.??.??"]

1. e4 c5 2. Nf3 d6 3. d4 Nf6 4. Nc3 cxd4 5. Nxd4 a6 6. Be3 e5 7. Nb3 Be6 8. h3
Be7 9. Qf3 O-O 10. g4 a5 11. O-O-O a4 12. Nc5 a3 13. g5 axb2+ 14. Kxb2 Nfd7 15.
Nxe6 fxe6 16. Qg4 Qa5 17. Qxe6+ Kh8 18. a4 Nc5 19. Qc4 Nc6 20. Qb5 Qa7 21. h4
Qb8 22. Bxc5 dxc5 23. Rd7 Nd4 24. Qb6 Rxf2 25. Nd5 Rxc2+ 26. Kb1 Bf8 27. h5
Rxa4 28. h6 Nc6 29. g6 hxg6 30. hxg7+ 1-0